| 000 | 00377nam a2200133Ia 4500 | ||
|---|---|---|---|
| 008 | 231129s9999||||xx |||||||||||||| ||spa|| | ||
| 020 | _a84-7634-071-0 | ||
| 040 | _bspa | ||
| 082 | _a940.53 Ch563se | ||
| 100 | _aChurchill Sir Winston S. | ||
| 245 | 0 | _aLa segunda guerra mundial: de guerra a guerra | |
| 264 | _aOrbis | ||
| 942 |
_2ddc _cBKS |
||
| 999 |
_c18193 _d18193 |
||